{"text_format":"3","workbook":"xlsx","n_sheets":1,"sheets":["t354"],"read":"whole","date_system":"1900"}

{"sheet":"t354","index":0,"n_rows":200,"n_cols":7,"rows_kept":200,"merged":[[0,0,0,6],[30,0,30,5],[47,0,47,5],[160,0,160,5]]}
["TABELA 354.1 - Estatísticas Agrícolas, Município de Monte Mor, Estado de São Paulo, 2007/08."]
["ITEM","UNIDADE","N.DE UPAs","MÍNIMO","MÉDIO","MÁXIMO","TOTAL"]
["Distância à sede do município","km",543,0.5,{"v":5.71,"d":"5.7"},{"v":20,"d":"20.0"},"-"]
["Área total","hectare",543,0.8,{"v":34.68,"d":"34.7"},{"v":1112.1,"d":"1,112.1"},{"v":18832.7,"d":"18,832.7"}]
["Área com cultura perene","hectare",47,0.1,3.7,19.4,173.7]
["Área com cultura temporária","hectare",298,0.1,{"v":30.71,"d":"30.7"},665.4,{"v":9152.6,"d":"9,152.6"}]
["Área com pastagem","hectare",409,0.2,{"v":15.62,"d":"15.6"},543.2,{"v":6388.1,"d":"6,388.1"}]
["Área com reflorestamento","hectare",44,0.1,{"v":7.92,"d":"7.9"},75.5,348.4]
["Área com vegetação natural","hectare",377,0.1,{"v":3.22,"d":"3.2"},155.3,{"v":1213.1,"d":"1,213.1"}]
["Área com vegetação de brejo e várzea","hectare",201,0.1,{"v":2.04,"d":"2.0"},{"v":50,"d":"50.0"},410.9]
["Área em descanso","hectare",53,0.1,{"v":5.42,"d":"5.4"},35.7,{"v":287,"d":"287.0"}]
["Área complementar","hectare",448,0.1,{"v":1.92,"d":"1.9"},47.1,858.9]
["Área das UPAs com (0, 1] ha","hectare",1,0.8,0.8,0.8,0.8]
["Área das UPAs com (1, 2] ha","hectare",17,1.2,{"v":1.79,"d":"1.8"},{"v":2,"d":"2.0"},30.4]
["Área das UPAs com (2, 5] ha","hectare",88,2.1,{"v":3.67,"d":"3.7"},{"v":5,"d":"5.0"},323.3]
["Área das UPAs com (5, 10] ha","hectare",99,5.2,{"v":7.89,"d":"7.9"},{"v":10,"d":"10.0"},781.5]
["Área das UPAs com (10, 20] ha","hectare",111,10.1,14.7,19.8,{"v":1631.4,"d":"1,631.4"}]
["Área das UPAs com (20, 50] ha","hectare",135,20.2,{"v":30.92,"d":"30.9"},49.1,{"v":4174.4,"d":"4,174.4"}]
["Área das UPAs com (50, 100] ha","hectare",63,50.8,72.7,{"v":100,"d":"100.0"},{"v":4580.2,"d":"4,580.2"}]
["Área das UPAs com (100, 200] ha","hectare",19,102.8,{"v":136.83,"d":"136.8"},189.6,{"v":2599.7,"d":"2,599.7"}]
["Área das UPAs com (200, 500] ha","hectare",6,212.9,253.5,298.5,{"v":1521,"d":"1,521.0"}]
["Área das UPAs com (500, 1.000] ha","hectare",3,540.2,{"v":692.63,"d":"692.6"},808.2,{"v":2077.9,"d":"2,077.9"}]
["Área das UPAs com (1.000, 2.000] ha","hectare",1,{"v":1112.1,"d":"1,112.1"},{"v":1112.1,"d":"1,112.1"},{"v":1112.1,"d":"1,112.1"},{"v":1112.1,"d":"1,112.1"}]
["Área das UPAs com (2.000, 5.000] ha","hectare","-","-","-","-","-"]
["Área das UPAs com (5.000, 10.000] ha","hectare","-","-","-","-","-"]
["Área das UPAs acima de 10.000 ha","hectare","-","-","-","-","-"]
["Familiares do proprietário que trabalham na UPA","unidade",502,{"v":1,"d":"1.0"},1.8,{"v":8,"d":"8.0"},{"v":904,"d":"904.0"}]
["Trabalhadores permanentes","unidade",117,{"v":1,"d":"1.0"},{"v":3.85,"d":"3.9"},{"v":130,"d":"130.0"},{"v":451,"d":"451.0"}]
["Fonte: Secretaria de Agricultura e Abastecimento, CDRS/IEA, Projeto LUPA."]
[]
["TABELA 354.2 - Explorações Animais, Município de Monte Mor, Estado de São Paulo, 2007/08."]
["ITEM","UNIDADE","N.DE UPAs","MÍNIMO","MÉDIO","MÁXIMO","TOTAL"]
["Asininos E Muares","cabeças",19,{"v":1,"d":"1.0"},{"v":3.63,"d":"3.6"},{"v":38,"d":"38.0"},{"v":69,"d":"69.0"}]
["Avestruzes e Ema (Criadouro)","cabeças",1,{"v":2,"d":"2.0"},{"v":2,"d":"2.0"},{"v":2,"d":"2.0"},{"v":2,"d":"2.0"}]
["Avicultura de Corte","cabeças/ano",8,{"v":200,"d":"200.0"},{"v":56150,"d":"56,150.0"},{"v":336000,"d":"336,000.0"},{"v":449200,"d":"449,200.0"}]
["Avicultura para Ovos","cabeças",11,{"v":1,"d":"1.0"},{"v":48461.27,"d":"48,461.3"},{"v":350000,"d":"350,000.0"},{"v":533074,"d":"533,074.0"}]
["Bovinocultura de Corte","cabeças",115,{"v":2,"d":"2.0"},46.3,{"v":1000,"d":"1,000.0"},{"v":5324,"d":"5,324.0"}]
["Bovinocultura Leiteira","cabeças",29,{"v":1,"d":"1.0"},34.1,{"v":200,"d":"200.0"},{"v":989,"d":"989.0"}]
["Bovinocultura Mista","cabeças",238,{"v":1,"d":"1.0"},{"v":24.16,"d":"24.2"},{"v":250,"d":"250.0"},{"v":5751,"d":"5,751.0"}]
["Caprinocultura","cabeças",1,{"v":10,"d":"10.0"},{"v":10,"d":"10.0"},{"v":10,"d":"10.0"},{"v":10,"d":"10.0"}]
["Equinocultura","cabeças",165,{"v":1,"d":"1.0"},{"v":3.81,"d":"3.8"},{"v":80,"d":"80.0"},{"v":629,"d":"629.0"}]
["Minhocultura","canteiros",2,{"v":1,"d":"1.0"},2.5,{"v":4,"d":"4.0"},{"v":5,"d":"5.0"}]
["Ovinocultura","cabeças",12,{"v":5,"d":"5.0"},{"v":127.67,"d":"127.7"},{"v":800,"d":"800.0"},{"v":1532,"d":"1,532.0"}]
["Piscicultura","m² tanques",7,{"v":1000,"d":"1,000.0"},{"v":21728.57,"d":"21,728.6"},{"v":100000,"d":"100,000.0"},{"v":152100,"d":"152,100.0"}]
["Suinocultura","cabeças",10,{"v":2,"d":"2.0"},{"v":716,"d":"716.0"},{"v":5000,"d":"5,000.0"},{"v":7160,"d":"7,160.0"}]
["Fonte: Secretaria de Agricultura e Abastecimento, CDRS/IEA, Projeto LUPA."]
[]
["TABELA 354.3 -  Máquinas, Implementos e Benfeitorias, Município de Monte Mor, Estado de São Paulo, 2007/08."]
["ITEM","UNIDADE","N.DE UPAs","MÍNIMO","MÉDIO","MÁXIMO","TOTAL"]
["Arado Comum (Bacia, Aiveca)","Unidade",101,{"v":1,"d":"1.0"},1.3,{"v":4,"d":"4.0"},{"v":131,"d":"131.0"}]
["Arado Escarificador","Unidade",30,{"v":1,"d":"1.0"},{"v":1.13,"d":"1.1"},{"v":3,"d":"3.0"},{"v":34,"d":"34.0"}]
["Arado Subsolador","Unidade",40,{"v":1,"d":"1.0"},{"v":1.35,"d":"1.4"},{"v":6,"d":"6.0"},{"v":54,"d":"54.0"}]
["Batedeira de Cereais","Unidade",21,{"v":1,"d":"1.0"},1.1,{"v":2,"d":"2.0"},{"v":23,"d":"23.0"}]
["Câmara Fria","Unidade",1,{"v":1,"d":"1.0"},{"v":1,"d":"1.0"},{"v":1,"d":"1.0"},{"v":1,"d":"1.0"}]
["Carregadeira de Cana","Unidade",6,{"v":1,"d":"1.0"},{"v":1.67,"d":"1.7"},{"v":3,"d":"3.0"},{"v":10,"d":"10.0"}]
["Colhedeira Acoplada","Unidade",11,{"v":1,"d":"1.0"},{"v":1.09,"d":"1.1"},{"v":2,"d":"2.0"},{"v":12,"d":"12.0"}]
["Colhedeira Automotriz","Unidade",4,{"v":1,"d":"1.0"},{"v":1,"d":"1.0"},{"v":1,"d":"1.0"},{"v":4,"d":"4.0"}]
["Computador","Unidade",10,{"v":1,"d":"1.0"},{"v":1,"d":"1.0"},{"v":1,"d":"1.0"},{"v":10,"d":"10.0"}]
["Conj.Irrigação Autopropelido","Unidade",5,{"v":1,"d":"1.0"},{"v":1,"d":"1.0"},{"v":1,"d":"1.0"},{"v":5,"d":"5.0"}]
["Conj.Irrigação Convencional","Unidade",61,{"v":1,"d":"1.0"},{"v":1.43,"d":"1.4"},{"v":5,"d":"5.0"},{"v":87,"d":"87.0"}]
["Conj.Irrigação Pivot Central","Unidade",8,{"v":1,"d":"1.0"},{"v":1.13,"d":"1.1"},{"v":2,"d":"2.0"},{"v":9,"d":"9.0"}]
["Conj.Irrigação/Gotejamento/Microaspersão","Unidade",7,{"v":1,"d":"1.0"},{"v":1.14,"d":"1.1"},{"v":2,"d":"2.0"},{"v":8,"d":"8.0"}]
["Conjunto de Fenação","Unidade",2,{"v":1,"d":"1.0"},{"v":1,"d":"1.0"},{"v":1,"d":"1.0"},{"v":2,"d":"2.0"}]
["Desintegrador de Palha (Plantio Direto)","Unidade",3,{"v":1,"d":"1.0"},{"v":1,"d":"1.0"},{"v":1,"d":"1.0"},{"v":3,"d":"3.0"}]
["Desintegrador, Picador, Triturador","Unidade",147,{"v":1,"d":"1.0"},1.1,{"v":4,"d":"4.0"},{"v":161,"d":"161.0"}]
["Distribuidor de Calcário","Unidade",38,{"v":1,"d":"1.0"},{"v":1.24,"d":"1.2"},{"v":3,"d":"3.0"},{"v":47,"d":"47.0"}]
["Ensiladeira","Unidade",36,{"v":1,"d":"1.0"},{"v":1.28,"d":"1.3"},{"v":3,"d":"3.0"},{"v":46,"d":"46.0"}]
["Grade Aradora (Tipo Romi)","Unidade",46,{"v":1,"d":"1.0"},{"v":1.24,"d":"1.2"},{"v":3,"d":"3.0"},{"v":57,"d":"57.0"}]
["Grade Niveladora","Unidade",58,{"v":1,"d":"1.0"},{"v":1.07,"d":"1.1"},{"v":3,"d":"3.0"},{"v":62,"d":"62.0"}]
["Implementos para Tração Animal","Unidade",1,{"v":1,"d":"1.0"},{"v":1,"d":"1.0"},{"v":1,"d":"1.0"},{"v":1,"d":"1.0"}]
["Microtrator","Unidade",10,{"v":1,"d":"1.0"},1.1,{"v":2,"d":"2.0"},{"v":11,"d":"11.0"}]
["Misturador de Ração","Unidade",6,{"v":1,"d":"1.0"},{"v":1,"d":"1.0"},{"v":1,"d":"1.0"},{"v":6,"d":"6.0"}]
["Ordenhadeira Mecânica","Unidade",6,{"v":1,"d":"1.0"},{"v":1.17,"d":"1.2"},{"v":2,"d":"2.0"},{"v":7,"d":"7.0"}]
["Pulverizador Tratorizado","Unidade",75,{"v":1,"d":"1.0"},{"v":1.33,"d":"1.3"},{"v":5,"d":"5.0"},{"v":100,"d":"100.0"}]
["Resfriador de Leite, Tanque Expansão","Unidade",3,{"v":1,"d":"1.0"},{"v":2.33,"d":"2.3"},{"v":4,"d":"4.0"},{"v":7,"d":"7.0"}]
["Roçadeira Costal","Unidade",4,{"v":1,"d":"1.0"},{"v":1,"d":"1.0"},{"v":1,"d":"1.0"},{"v":4,"d":"4.0"}]
["Roçadeira Tratorizada","Unidade",16,{"v":1,"d":"1.0"},{"v":1,"d":"1.0"},{"v":1,"d":"1.0"},{"v":16,"d":"16.0"}]
["Semeadeira/Adubadeira para Plantio Convencional","Unidade",39,{"v":1,"d":"1.0"},1.1,{"v":2,"d":"2.0"},{"v":43,"d":"43.0"}]
["Semeadeira/Plantadeira Plantio Direto","Unidade",15,{"v":1,"d":"1.0"},{"v":1.07,"d":"1.1"},{"v":2,"d":"2.0"},{"v":16,"d":"16.0"}]
["Terraceador","Unidade",6,{"v":1,"d":"1.0"},{"v":1.33,"d":"1.3"},{"v":3,"d":"3.0"},{"v":8,"d":"8.0"}]
["Trator de Esteiras","Unidade",2,{"v":1,"d":"1.0"},2.5,{"v":4,"d":"4.0"},{"v":5,"d":"5.0"}]
["Trator de Pneus","Unidade",159,{"v":1,"d":"1.0"},{"v":2.07,"d":"2.1"},{"v":10,"d":"10.0"},{"v":329,"d":"329.0"}]
["Açude/Represa","Unidade",350,{"v":1,"d":"1.0"},1.6,{"v":9,"d":"9.0"},{"v":561,"d":"561.0"}]
["Almoxarifado/Oficina","Unidade",21,{"v":1,"d":"1.0"},{"v":1.05,"d":"1.1"},{"v":2,"d":"2.0"},{"v":22,"d":"22.0"}]
["Armazém para Grãos Ensacados","Sacas",7,{"v":1,"d":"1.0"},{"v":900.43,"d":"900.4"},{"v":5000,"d":"5,000.0"},{"v":6303,"d":"6,303.0"}]
["Balança para Bovinos","Unidade",5,{"v":1,"d":"1.0"},{"v":1,"d":"1.0"},{"v":1,"d":"1.0"},{"v":5,"d":"5.0"}]
["Balança para Veículos","Unidade",4,{"v":1,"d":"1.0"},{"v":1,"d":"1.0"},{"v":1,"d":"1.0"},{"v":4,"d":"4.0"}]
["Barracão para Cultivo de Cogumelo","Unidade",1,{"v":2,"d":"2.0"},{"v":2,"d":"2.0"},{"v":2,"d":"2.0"},{"v":2,"d":"2.0"}]
["Barracão para Granja/Avicultura","Unidade",24,{"v":1,"d":"1.0"},{"v":8.17,"d":"8.2"},{"v":50,"d":"50.0"},{"v":196,"d":"196.0"}]
["Barracão/Galpão/Garagem","Unidade",265,{"v":1,"d":"1.0"},{"v":1.49,"d":"1.5"},{"v":10,"d":"10.0"},{"v":396,"d":"396.0"}]
["Casa de Moradia Habitada","Unidade",365,{"v":1,"d":"1.0"},{"v":2.29,"d":"2.3"},{"v":38,"d":"38.0"},{"v":836,"d":"836.0"}]
["Casa de Moradia Total","Unidade",387,{"v":1,"d":"1.0"},{"v":2.55,"d":"2.6"},{"v":38,"d":"38.0"},{"v":987,"d":"987.0"}]
["Curral/Mangueira","Unidade",242,{"v":1,"d":"1.0"},{"v":1.09,"d":"1.1"},{"v":4,"d":"4.0"},{"v":263,"d":"263.0"}]
["Depósito/Tulha","Unidade",165,{"v":1,"d":"1.0"},{"v":1.13,"d":"1.1"},{"v":7,"d":"7.0"},{"v":187,"d":"187.0"}]
["Engenho","Unidade",2,{"v":1,"d":"1.0"},450.5,{"v":900,"d":"900.0"},{"v":901,"d":"901.0"}]
["Estábulo","Unidade",79,{"v":1,"d":"1.0"},{"v":1.05,"d":"1.1"},{"v":3,"d":"3.0"},{"v":83,"d":"83.0"}]
["Estufa/Plasticultura","m²",7,{"v":2,"d":"2.0"},{"v":8164.57,"d":"8,164.6"},{"v":30000,"d":"30,000.0"},{"v":57152,"d":"57,152.0"}]
["Fábrica de Ração","Unidade",8,{"v":1,"d":"1.0"},{"v":1,"d":"1.0"},{"v":1,"d":"1.0"},{"v":8,"d":"8.0"}]
["Instalações para Equinos","Unidade",21,{"v":1,"d":"1.0"},{"v":3.48,"d":"3.5"},{"v":21,"d":"21.0"},{"v":73,"d":"73.0"}]
["Máquina de Benefício","Unidade",5,{"v":1,"d":"1.0"},1.2,{"v":2,"d":"2.0"},{"v":6,"d":"6.0"}]
["Olaria","Unidade",6,{"v":1,"d":"1.0"},{"v":1,"d":"1.0"},{"v":1,"d":"1.0"},{"v":6,"d":"6.0"}]
["Packing House","Unidade",2,{"v":1,"d":"1.0"},{"v":1,"d":"1.0"},{"v":1,"d":"1.0"},{"v":2,"d":"2.0"}]
["Pocilga","Unidade",6,{"v":1,"d":"1.0"},4.5,{"v":19,"d":"19.0"},{"v":27,"d":"27.0"}]
["Poço Semi-Artesiano","Unidade",81,{"v":1,"d":"1.0"},{"v":1.05,"d":"1.1"},{"v":3,"d":"3.0"},{"v":85,"d":"85.0"}]
["Posto Meteorológico","Unidade",1,{"v":1,"d":"1.0"},{"v":1,"d":"1.0"},{"v":1,"d":"1.0"},{"v":1,"d":"1.0"}]
["Secador de Grãos","Unidade",1,{"v":1,"d":"1.0"},{"v":1,"d":"1.0"},{"v":1,"d":"1.0"},{"v":1,"d":"1.0"}]
["Silo para Grãos","t",9,{"v":6,"d":"6.0"},{"v":1196.56,"d":"1,196.6"},{"v":10000,"d":"10,000.0"},{"v":10769,"d":"10,769.0"}]
["Silo para Silagem","t",20,{"v":2,"d":"2.0"},{"v":4411.1,"d":"4,411.1"},{"v":80000,"d":"80,000.0"},{"v":88222,"d":"88,222.0"}]
["Terreiro","m²",12,{"v":1,"d":"1.0"},{"v":126.92,"d":"126.9"},{"v":450,"d":"450.0"},{"v":1523,"d":"1,523.0"}]
["Fonte: Secretaria de Agricultura e Abastecimento, CDRS/IEA, Projeto LUPA."]
[]
["TABELA 354.4 - Outras Estatísticas Agrícolas, Município de Monte Mor, Estado de São Paulo, 2007/08."]
["ITEM","Número de UPAs",null,"Percentual"]
["Faz Parte de Associação de Produtores",60,null,{"v":11.049723756906078,"d":"11.0"}]
["Faz Parte de Cooperativa de Produtores",195,null,{"v":35.91160220994475,"d":"35.9"}]
["Faz Parte do Sindicato de Produtores",153,null,{"v":28.176795580110497,"d":"28.2"}]
["Não utiliza assistência técnica ",210,null,{"v":38.67403314917127,"d":"38.7"}]
["Utiliza somente assistência técnica governamental ",49,null,{"v":9.023941068139964,"d":"9.0"}]
["Utiliza somente assistência técnica privada ",38,null,{"v":6.998158379373849,"d":"7.0"}]
["Utiliza assistência técnica tanto governamental quanto privada",246,null,{"v":45.30386740331492,"d":"45.3"}]
["Utiliza Crédito Rural",94,null,{"v":17.311233885819522,"d":"17.3"}]
["Utiliza Seguro Rural",23,null,{"v":4.235727440147329,"d":"4.2"}]
["Utiliza Escrituração Agrícola",103,null,{"v":18.968692449355434,"d":"19.0"}]
["Acessa Internet p/ Fins na Agropecuária",48,null,{"v":8.83977900552486,"d":"8.8"}]
["Utiliza Computador nas Atividades Agropecuárias",52,null,{"v":9.576427255985267,"d":"9.6"}]
["Utiliza Energia Elétrica Para Uso na Atividade Agrícola",400,null,{"v":73.66482504604052,"d":"73.7"}]
["Realiza Análise de Solo, quando necessário",163,null,{"v":30.01841620626151,"d":"30.0"}]
["Utiliza Práticas de Conservação de Solo, quando necessário",333,null,{"v":61.32596685082873,"d":"61.3"}]
["Faz Adubação Mineral, quando necessário",280,null,{"v":51.56537753222836,"d":"51.6"}]
["Faz Adubação Orgânica, quando necessário",190,null,{"v":34.99079189686925,"d":"35.0"}]
["Faz Adubação Verde, quando necessário",23,null,{"v":4.235727440147329,"d":"4.2"}]
["Utiliza Manejo Integrado de Pragas (MIP)","-",null,"-"]
["Utiliza Hidroponia","-",null,"-"]
["Utiliza Plasticultura",7,null,{"v":1.289134438305709,"d":"1.3"}]
["Utiliza Mudas Fiscalizadas",65,null,{"v":11.970534069981584,"d":"12.0"}]
["Utiliza Semente Melhorada",143,null,{"v":26.335174953959484,"d":"26.3"}]
["Faz Confinamento de Bovinos",7,null,{"v":1.289134438305709,"d":"1.3"}]
["Utiliza Pastejo Intensivo",167,null,{"v":30.755064456721914,"d":"30.8"}]
["Faz Inseminação Artificial",10,null,{"v":1.8416206261510129,"d":"1.8"}]
["Faz Mineralização do Rebanho",329,null,{"v":60.58931860036832,"d":"60.6"}]
["Faz Vermifugação do Rebanho",336,null,{"v":61.87845303867403,"d":"61.9"}]
["Possui Parceiros /Arrendatários na Exploração Animal",115,null,{"v":21.178637200736645,"d":"21.2"}]
["Esporte e lazer",10,null,{"v":1.8416206261510129,"d":"1.8"}]
["Extração mineral",8,null,{"v":1.4732965009208103,"d":"1.5"}]
["Hotel Fazenda, Pousada ou SPA","-",null,"-"]
["Pesque-pague",11,null,{"v":2.0257826887661143,"d":"2.0"}]
["Restaurante ou Lanchonete",11,null,{"v":2.0257826887661143,"d":"2.0"}]
["Transformação artesanal",1,null,{"v":0.1841620626151013,"d":"0.2"}]
["Turismo rural ou ecoturismo",2,null,{"v":0.3683241252302026,"d":"0.4"}]
["Outras atividades econômicas rurais",5,null,{"v":0.9208103130755064,"d":"0.9"}]
["Agroindústria",19,null,{"v":3.4990791896869244,"d":"3.5"}]
["Proprietário sem instrução ou com instrução incompleta",26,null,{"v":4.788213627992634,"d":"4.8"}]
["Proprietário com antigo primário completo",252,null,{"v":46.408839779005525,"d":"46.4"}]
["Proprietário com 1° grau (ou antigo ginasial) completo",85,null,{"v":15.653775322283611,"d":"15.7"}]
["Proprietário com 2° grau (ou antigo colegial) completo",58,null,{"v":10.681399631675875,"d":"10.7"}]
["Proprietário com curso superior completo ",84,null,{"v":15.469613259668506,"d":"15.5"}]
["Pessoa Jurídica",38,null,{"v":6.998158379373849,"d":"7.0"}]
["Proprietário residente na própria UPA ",126,null,{"v":23.204419889502763,"d":"23.2"}]
["Fonte: Secretaria de Agricultura e Abastecimento, CDRS/IEA, Projeto LUPA."]
[]
["TABELA 354.5 - Área Cultivada, Município de Monte Mor, Estado de São Paulo, 2007/08."]
["CULTURA","N.DE UPAs","MÍNIMO","MÉDIO","MÁXIMO","TOTAL"]
["Cana-de-acucar",201,0.1,{"v":35.66,"d":"35.7"},665.4,{"v":7167.2,"d":"7,167.2"}]
["Braquiaria",386,0.2,{"v":15.72,"d":"15.7"},543.2,{"v":6066.7,"d":"6,066.7"}]
["Milho",120,0.5,{"v":13.91,"d":"13.9"},{"v":100,"d":"100.0"},{"v":1668.6,"d":"1,668.6"}]
["Eucalipto",42,0.1,{"v":7.79,"d":"7.8"},75.5,327.2]
["Outras gramineas para pastagem",21,0.5,{"v":8.51,"d":"8.5"},{"v":24,"d":"24.0"},178.7]
["Feijao",11,4.8,{"v":13.42,"d":"13.4"},{"v":30,"d":"30.0"},147.6]
["Soja",4,{"v":5,"d":"5.0"},{"v":35.58,"d":"35.6"},64.7,142.3]
["Capim-napier (ou capim-elefante)",16,0.4,{"v":6.84,"d":"6.8"},75.5,109.5]
["Uva rustica",18,0.1,{"v":5.44,"d":"5.4"},19.4,97.9]
["Batata-inglesa (ou batata, ou batatinha)",7,{"v":5,"d":"5.0"},{"v":10.73,"d":"10.7"},{"v":16,"d":"16.0"},75.1]
["Milho-silagem",1,{"v":50,"d":"50.0"},{"v":50,"d":"50.0"},{"v":50,"d":"50.0"},{"v":50,"d":"50.0"}]
["Tomate envarado",5,3.8,{"v":9.48,"d":"9.5"},{"v":19,"d":"19.0"},47.4]
["Cafe",3,0.5,{"v":8.83,"d":"8.8"},{"v":15,"d":"15.0"},26.5]
["Sorgo-vassoura",4,{"v":1,"d":"1.0"},6.6,21.7,26.4]
["Gramas",3,4.2,{"v":7.77,"d":"7.8"},11.1,23.3]
["Pinus",2,1.2,10.6,{"v":20,"d":"20.0"},21.2]
["Pimentao",11,0.3,{"v":1.36,"d":"1.4"},{"v":5,"d":"5.0"},{"v":15,"d":"15.0"}]
["Figo (ou figo-da-europa)",1,14.5,14.5,14.5,14.5]
["Pomar domestico",15,0.1,{"v":0.88,"d":"0.9"},2.9,13.2]
["Laranja",5,0.5,{"v":2.58,"d":"2.6"},{"v":8,"d":"8.0"},12.9]
["Sorgo-forrageiro",1,9.9,9.9,9.9,9.9]
["Outras olericolas",7,0.2,{"v":1.17,"d":"1.2"},{"v":2,"d":"2.0"},8.2]
["Abobora (ou jerimum)",7,0.5,1.1,{"v":2,"d":"2.0"},7.7]
["Berinjela",3,0.5,{"v":2.17,"d":"2.2"},{"v":5,"d":"5.0"},6.5]
["Batata-doce",2,{"v":2,"d":"2.0"},2.8,3.6,5.6]
["Mandioca",4,0.5,{"v":1.13,"d":"1.1"},2.4,4.5]
["Outras frutiferas",3,0.5,{"v":1.13,"d":"1.1"},1.9,3.4]
["Pepino",2,0.5,{"v":1.25,"d":"1.3"},{"v":2,"d":"2.0"},2.5]
["Maracuja",1,2.4,2.4,2.4,2.4]
["Horta domestica",6,0.1,0.4,{"v":1,"d":"1.0"},2.4]
["Manga",2,0.7,1.1,1.5,2.2]
["Banana",2,0.3,{"v":0.65,"d":"0.7"},{"v":1,"d":"1.0"},1.3]
["Jilo",1,1.3,1.3,1.3,1.3]
["Quiabo",1,1.3,1.3,1.3,1.3]
["Outras culturas temporárias",2,0.4,0.5,0.6,{"v":1,"d":"1.0"}]
["Palmito",1,{"v":1,"d":"1.0"},{"v":1,"d":"1.0"},{"v":1,"d":"1.0"},{"v":1,"d":"1.0"}]
["Ervas medicinais e aromaticas",1,0.8,0.8,0.8,0.8]
["Fonte: Secretaria de Agricultura e Abastecimento, CDRS/IEA, Projeto LUPA."]